Fase eliminatoria de la Eurocopa 2024. - Estadísticas

Estadísticas generales
  • Esta prueba ha sido intentada 160 veces
  • La puntuación promedio es 14 de 16
Estadísticas de respuestas
Respuesta % Correcto
España
100%
Inglaterra
99%
Francia
97%
Italia
96%
Portugal
94%
Alemania
92%
Suiza
90%
Países Bajos
87%
Georgia
83%
Bélgica
82%
Turquia
78%
Eslovaquia
78%
Eslovenia
77%
Dinamarca
74%
Austria
73%
Rumania
73%
No se encontraron pruebas coincidentes
Distribución de puntuación
Porcentaje de gente con cada puntuación
Porcentaje por número respondido
Historial de tus puntuaciones
No has intentado esta prueba.